Score 0/12 Timer 03:00
0 Plays Today
Christmas Song Lyrics with Missing Words Lyrics % Correct
'___ beginning to look a lot like Christmas...It's
99.5%
We wish ___ a merry Christmas…you!
95.9%
People seem to celebrate the season
in so ____ different ways...
many
95.7%
I've been gone for too ____ holidays ...many
95.7%
I'll be home for ________...Christmas
95.5%
Have yourself a ____ little Christmas…Merry
95.2%
…just like the ones I used ___ know…to
94.7%
It must have ____ the mistletoe...been
90.8%
Snowflakes in the air, Carols everywhere;
Olden _____ and ancient rhymes,
Of love and dreams to share
times,
67.5%
____ the night wind to the little lamb...said
66.8%
...It's all the ____ that we show love,
that feel like Christmas
ways,
62.8%
THE REUSED LYRICS FORM
THE CHRISTMAS SONG,TITLED:
' _____ _____ _____'
(3 different words)
'The Christmas Song'
31.6%

Today's Daily Dose

Remove Ads.
Support Sporcle.
Get the best of Sporcle when you Go Orange. This ad-free experience offers more features, more stats, and more fun while also helping to support Sporcle. Thank you for becoming a member.

You're not logged in!

Compare scores with friends on all Sporcle quizzes.
OR
Log In

Show Comments

Extras

Top Quizzes Today


Score Distribution

Your Account Isn't Verified!

In order to create a playlist on Sporcle, you need to verify the email address you used during registration. Go to your Sporcle Settings to finish the process.

Report this User

Report this user for behavior that violates our Community Guidelines.

Details: